La proyección de la Populorum Progressio en la sociedad contemporánea

Đã lưu trong:
Chi tiết về thư mục
Những tác giả chính: Argamentería García, Rodolfo (Tác giả), Birou, Alain (Tác giả), Dauphin-Meunier, Achille (Tác giả), Figueroa Martínez, Emilio de (Tác giả), Jarlot, Georges (Tác giả), Perpiñá Grau, Román (Tác giả), Steeg, Louis ter (Tác giả), Utz, Arthur Fridolin (Tác giả)
Định dạng: Sách
Ngôn ngữ:Tiếng Tây Ban Nha
Được phát hành: Madrid Centro de Estudios Sociales de la Santa Cruz del Valle de los Caídos 1969
Loạt:Anales de moral social y económica, 22
Những chủ đề:
Các nhãn: Thêm thẻ
Không có thẻ, Là người đầu tiên thẻ bản ghi này!

MARC

LEADER 00000nam a2200000 a 4500
001 UCY6945
003 CL-VaPUC
008 950602e19690000SP |||||||||||||||||spa|d
082 0 4 |a 177  |b ARG  |2 21 
100 0 |a Argamentería García, Rodolfo  |e author  |9 337166 
700 0 |a Birou, Alain  |e author  |9 337167 
700 0 |a Dauphin-Meunier, Achille  |e author  |9 337168 
700 0 |a Figueroa Martínez, Emilio de  |e author  |9 337169 
700 |a Jarlot, Georges  |e author  |9 481673 
700 0 |a Perpiñá Grau, Román  |e author  |9 337171 
700 0 |a Steeg, Louis ter  |e author  |9 337172 
700 0 |a Utz, Arthur Fridolin  |e author  |9 337173 
245 1 3 |a La proyección de la Populorum Progressio en la sociedad contemporánea 
300 |a 279 p 
942 |c BK 
945 |d 19950602 00:00:00  |a cmena 
260 |a Madrid  |b Centro de Estudios Sociales de la Santa Cruz del Valle de los Caídos  |c 1969 
650 0 |a Ética  |9 255099 
650 0 |a Conceptos morales   |9 310606 
650 7 |a ORDEN MORAL  |2 CL-VaPUC  |9 334570 
650 0 |a Virtud y vicio  |9 310637 
650 0 |a REFORMA AGRARIA  |9 256789 
650 0 |a Iglesia   |9 255004 
650 0 |a Catolicismo  |9 258690 
650 0 |a Ideologías  |9 255200 
650 0 |a Capitalismo  |9 255255 
650 0 |a Familias   |9 255641 
650 7 |a PLANIFICACION ECONOMICA  |2 CL-VaPUC  |9 321496 
650 7 |a COMERCIO INTERNACIONAL  |2 CL-VaPUC  |9 337174 
650 0 |a Desarrollo económico y social   |9 256320 
651 0 |a América Latina   |9 255027 
583 |a last modification  |c 19950602 00:00:00  |k Rodrigo Vera 
490 0 |a Anales de moral social y económica, 22 
999 |c 234424  |d 234422 
952 |0 0  |1 0  |4 0  |6 177_000000000000000_ARG_1969  |7 0  |8 P  |9 240666  |a BIBEDU  |b BIBEDU  |c BIBEDU_PB  |d 2019-11-18  |i 1515179  |o 177 ARG 1969  |p 1515179  |r 2024-01-25  |w 2019-11-18  |y BK  |k EDU 
952 |0 0  |1 0  |4 0  |6 177_000000000000000_ARG_1969  |7 0  |8 A  |9 240667  |a BIBTEO  |b BIBTEO  |d 2019-11-18  |i 3372308  |o 177 ARG 1969  |p 3372308  |r 2025-01-17  |w 2019-11-18  |y BK  |k ICR 
952 |0 0  |1 0  |4 0  |6 177_000000000000000_ARG_1969  |7 0  |8 P  |9 240668  |a BIBENE  |b BIBENE  |d 2019-11-18  |i 1998293  |o 177 ARG 1969  |p 1998293  |r 2025-01-15  |w 2019-11-18  |y BK  |k ICO